000 01238cam a22002891i 4500
003 SA-RiAUC
005 20241209144945.0
008 241205s1983 le g b 000r0 ara c
040 _aSA-RiAUC
_bara
_cSA-RiAUC
_erda
082 0 4 _a257.5
_qSA-RiAUC
090 _a257.5
_bع ب د
100 1 _aعبد المنعم، حمدي (القانون)
_eمؤلف.
245 1 0 _aديوان المظالم :
_bنشأته وتطوره واختصاصاته مقارنا بالنظم القضائية الحديثة /
_cحمدي عبد المنعم.
250 _aالطبعة الأولى.
264 1 _aبيروت ؛
_aالقاهرة :
_bدار الشروق،
_c1983
300 _a351 صفحة ؛
_c24 سم
336 _aنص
_btxt
_2rdacontent
_3كتاب
337 _aبدون وسيط
_bn
_2rdamedia
338 _aمجلد
_bnc
_2rdacarrier
504 _aببليوجرافية : صفحة 335-345.
610 1 7 _aالسعودية.
_bديوان المظالم
_2aucnm
650 7 _aالمحاكم الإدارية
_zالسعودية
_2aucsh
650 7 _aالقضاء الإداري
_zالسعودية
_2aucsh
650 7 _aالقضاء في الإسلام
_xتاريخ
_2aucsh
942 _2ddc
_cBOOK
_n0
949 _aSA-JeALM
_d241205
_umohamedma123
_n1
999 _c3205
_d3205